000
00270nam a22001097a 4500
008
170125b xxu||||| |||| 00| 0 eng d
020
_a
9780781763134
041
_a
eng
080
_2
4TH
_a
618.2
245
_a
QUALITATIVE RESEARCH IN NURSING
_c
SPEZIALE, H.J
942
_2
udc
_c
BK
999
_c
3565
_d
3565